Clow at the altar (Record no. 139785)

MARC details
000 -LEADER
campo de control de longitud fija 00772nam a2200205 4500
001 - NÚMERO DE CONTROL
campo de control 139785
003 - IDENTIFICADOR DE NÚMERO DE CONTROL
campo de control ES-MaACL
005 - FECHA Y HORA DE LA ÚLTIMA TRANSACCIÓN
campo de control 20230906195915.0
007 - CAMPO FIJO DE DESCRIPCIÓN FÍSICA--INFORMACIÓN GENERAL
campo de control de longitud fija t|
008 - DATOS DE LONGITUD FIJA--INFORMACIÓN GENERAL
campo de control de longitud fija 070214s1978 xxu r ||||1| eng d
100 1# - ENTRADA PRINCIPAL--NOMBRE DE PERSONA
Nombre de persona Schneider, Judith Morganroth.
9 (RLIN) 104565
245 10 - MENCIÓN DEL TÍTULO
Título Clow at the altar
Resto del título : the religious poetry of Max Jacob /
Mención de responsabilidad, etc. Judith Morganroth Schneider.
260 ## - PUBLICACIÓN, DISTRIBUCIÓN, ETC.
Lugar de publicación, distribución, etc. Chapel Hill (USA) :
Nombre del editor, distribuidor, etc. University of North Carolina,
Fecha de publicación, distribución, etc. 1978.
300 ## - DESCRIPCIÓN FÍSICA
Extensión 136 p. ;
Dimensiones 23 cm.
490 1# - MENCIÓN DE SERIE
Mención de serie North Carolina studies in the romance languages and literatures ;
Designación de volumen o secuencia 190
710 00 - ENTRADA AGREGADA--NOMBRE DE ENTIDAD CORPORATIVA
Nombre de entidad corporativa o nombre de jurisdicción como elemento de entrada University of North Carolina.
9 (RLIN) 7512
830 0# - PUNTO DE ACCESO ADICIONAL DE SERIE-TÍTULO UNIFORME
Título uniforme North Carolina studies in the romance languages and literatures ;
Designación de volumen o secuencia 190
9 (RLIN) 182412
852 ## - LOCALIZACIÓN
Ubicación ES-MaACL
Número de control de estantería A-10565
Sublocalización o colección R.99186
Holdings
Estatus retirado Estado de pérdida Estado de daño No para préstamo Biblioteca de origen Biblioteca actual Ubicación en estantería Fecha de adquisición Fuente de adquisición Total de préstamos Signatura topográfica completa Código de barras Visto por última vez Precio de reemplazo Tipo de ítem Koha
        Biblioteca del Ateneo de Madrid Biblioteca del Ateneo de Madrid Depósito 1 17/01/2008     A-10565 1145465 23/02/2023 23/02/2023 Libro impreso